000 00590cam a22002053a 4500
001 39094
003 PGUSA
005 20140828083851.0
008 120310s2012||||xxu|||||s|||||000 | eng d
040 _aPGUSA
_beng
042 _adc
100 1 _aWebster, Frank V.
245 1 0 _aTwo Boy Gold Miners; Or, Lost in the Mountains
_h[electronic resource] /
_cFrank V. Webster
260 _bProject Gutenberg,
_c2012
506 _aPublic domain in the USA.
516 _aElectronic text
830 0 _aProject Gutenberg
_v39094
856 4 0 _uhttp://www.gutenberg.org/ebooks/39094
942 _cEB
999 _c268347
_d268347